[Event "Open B Gorges"]
[Site "?"]
[Date "2019.07.06"]
[Round "3"]
[White "KERVADEC, Jean"]
[Black "VIEL, Jean-Marc"]
[Result "0-1"]
[WhiteElo "1445"]
[BlackElo "1547"]
[PlyCount "82"]

1. d4 d5 2. g3 c5 3. Nf3 Nc6 4. c3 Bf5 5. Bg2 e6 6. Nbd2 Nf6 7. Nh4 Bg6 8. O-O
cxd4 9. cxd4 Nxd4 10. Qa4+ Nc6 11. Nxg6 hxg6 12. Re1 Be7 13. Nf3 O-O 14. Bg5
Rc8 15. Rad1 Qb6 16. b3 Bb4 17. Rf1 Ne4 18. Bd2 Nc5 19. Be3 Nxa4 20. Bxb6 Nxb6
21. h4 Rc7 22. Nh2 Rfc8 23. e3 Ne7 24. Bf3 Rc2 25. Rd4 Ba3 26. Kg2 Rxa2 27. h5
Rcc2 28. hxg6 Nxg6 29. Ng4 Bc5 30. Rdd1 f5 31. Nh2 Bxe3 32. Bh5 Rxf2+ 33. Rxf2
Rxf2+ 34. Kh3 Ne5 35. Re1 d4 36. Nf1 Nf3 37. Bxf3 Rxf3 38. Kg2 Rf2+ 39. Kh3 Nd5
40. g4 Nf4+ 41. Kh4 Ng2+ 0-1

[Event "Open B Gorges"]
[Site "?"]
[Date "2019.07.06"]
[Round "3"]
[White "LE BAUT, Daniel"]
[Black "DESCAMP, Serge"]
[Result "0-1"]
[WhiteElo "1508"]
[BlackElo "1313"]
[PlyCount "50"]

1. e4 c5 2. Nf3 Nc6 3. d4 cxd4 4. Nxd4 e5 5. Nb5 d6 6. N1c3 a6 7. Na3 Be6 8.
Nd5 Bxd5 9. Qxd5 Qa5+ 10. Qxa5 Nxa5 11. Bd2 Nc6 12. c3 Nf6 13. f3 h6 14. Be2 d5
15. exd5 Nxd5 16. O-O Bc5+ 17. Kh1 O-O-O 18. Rfd1 f5 19. Nc4 f4 20. b4 Be3 21.
Nxe3 fxe3 22. Be1 Nf4 23. Rxd8+ Rxd8 24. Bc4 e2 25. g3 Rd1 0-1

[Event "Open B Gorges"]
[Site "?"]
[Date "2019.07.06"]
[Round "3"]
[White "ROBLIN, Olivier"]
[Black "VALDMAN, Andreï"]
[Result "0-1"]
[WhiteElo "1360"]
[BlackElo "1441"]
[PlyCount "72"]

1. e4 e5 2. Nf3 Nc6 3. Bc4 Nf6 4. d4 exd4 5. e5 Bb4+ 6. Bd2 Bxd2+ 7. Nbxd2 Ng4
8. O-O O-O 9. Re1 Re8 10. Nxd4 Nxd4 11. Qxg4 Nxc2 12. Bxf7+ Kxf7 13. Qf5+ Kg8
14. Qxc2 b6 15. Rac1 c5 16. Qc4+ Kh8 17. Qe4 Rb8 18. Nc4 d5 19. Nd6 Qxd6 20.
exd6 dxe4 21. f3 e3 22. Rcd1 Bd7 23. Rd3 Re6 24. Rexe3 Rbe8 25. Kf2 Rxe3 26.
Rxe3 Rxe3 27. Kxe3 Kg8 28. Ke4 Kf7 29. Ke5 a5 30. g4 g5 31. h3 h6 32. a3 c4 33.
Kd5 b5 34. a4 c3 35. bxc3 bxa4 36. Kc4 Ke6 0-1

[Event "Open B Gorges"]
[Site "?"]
[Date "2019.07.06"]
[Round "3"]
[White "KOLLAR, Guillaume"]
[Black "DORE, Vincent"]
[Result "0-1"]
[WhiteElo "1536"]
[BlackElo "1370"]
[PlyCount "60"]

1. e4 c6 2. d4 d5 3. exd5 cxd5 4. Nf3 Nf6 5. h3 Bf5 6. Be2 e6 7. O-O Bd6 8. Bg5
Nbd7 9. Re1 O-O 10. c4 dxc4 11. Bxc4 Qb6 12. b3 h6 13. Be3 Nd5 14. Bxd5 exd5
15. Nc3 Nf6 16. Na4 Qd8 17. Nc5 Bc8 18. Rc1 b6 19. Nd3 Ba6 20. Nde5 Bb7 21. Nh4
Ne4 22. Qg4 Bc8 23. Nf5 Bxf5 24. Qxf5 Bxe5 25. Qxe5 Re8 26. Qf4 Qd6 27. Qxd6
Nxd6 28. Rc6 Nf5 29. g4 Nxd4 30. Rd6 Nf3+ 0-1

[Event "Open B Gorges"]
[Site "?"]
[Date "2019.07.06"]
[Round "3"]
[White "NICOLAS, Aurore"]
[Black "FRANCK, Etienne"]
[Result "0-1"]
[WhiteElo "1419"]
[BlackElo "1392"]
[PlyCount "92"]

1. e4 Nc6 2. Nf3 e5 3. d4 exd4 4. Bc4 Be7 5. O-O d6 6. c3 Ne5 7. Nxe5 dxe5 8.
Qb3 Be6 9. Bxe6 fxe6 10. Qxe6 Qd6 11. Qxd6 Bxd6 12. cxd4 exd4 13. f4 O-O-O 14.
Nd2 c6 15. Nf3 d3 16. Bd2 Bc5+ 17. Kh1 Nf6 18. Ng5 Rd7 19. e5 Ng4 20. h3 h6 21.
Ne6 Nf2+ 22. Kh2 Bb6 23. Rae1 Re8 24. f5 g6 25. Nf4 gxf5 26. e6 Rd6 27. g3 Ne4
28. Rd1 Nxd2 29. Rxd2 Be3 30. Rdd1 Bxf4 31. Rxf4 Rexe6 32. Rf3 Re2+ 33. Kg1 d2
34. Rf2 Re1+ 35. Rf1 Rxd1 36. Rxd1 Rd3 37. Kf2 h5 38. g4 fxg4 39. hxg4 hxg4 40.
Ke2 Rd5 41. Ke3 Kd7 42. Kf4 Rd4+ 43. Ke3 c5 44. b3 Kd6 45. Ke2 Kd5 46. Ke3 b5
0-1

[Event "Open B Gorges"]
[Site "?"]
[Date "2019.07.06"]
[Round "3"]
[White "LEBEDEL, Marc"]
[Black "MARTINI, Lionel"]
[Result "0-1"]
[WhiteElo "1390"]
[BlackElo "1389"]
[PlyCount "70"]

1. d4 d5 2. c4 e6 3. g3 Nf6 4. Bg2 c5 5. cxd5 Nxd5 6. Nf3 Qb6 7. O-O Nc6 8. e3
cxd4 9. exd4 Bd6 10. b3 O-O 11. Bb2 a5 12. Nbd2 Be7 13. Nc4 Qa7 14. Nfe5 Nxe5
15. dxe5 Rd8 16. Qg4 Rf8 17. Nd6 f5 18. Qf3 f4 19. Rac1 Bd7 20. Rfd1 fxg3 21.
Qxg3 Nf4 22. Bf1 Nh5 23. Qe3 Bh4 24. Ne4 Bxf2+ 25. Qxf2 Rxf2 26. Nxf2 Bc6 27.
Bd4 Qb8 28. Be2 Nf4 29. Bc4 Bd5 30. Bb5 Bc6 31. Bc4 b5 32. Bf1 Bd5 33. Be3 Qf8
34. Bc5 Qf5 35. Bd4 Qg5+ 0-1

[Event "Open B Gorges"]
[Site "?"]
[Date "2019.07.07"]
[Round "4"]
[White "FACHE, Jacques"]
[Black "ALLARD NEDELLEC, Guilhem"]
[Result "0-1"]
[WhiteElo "1604"]
[BlackElo "1642"]
[PlyCount "76"]

1. c4 c6 2. Nc3 d5 3. b3 Nf6 4. d4 Bf5 5. Bg5 Nbd7 6. Nf3 h6 7. Bf4 e6 8. c5
Be7 9. g3 O-O 10. Bg2 Bh7 11. O-O Ne4 12. Nxe4 dxe4 13. Nd2 g5 14. Be5 f6 15.
Bd6 Bxd6 16. cxd6 f5 17. Nc4 Nb6 18. Ne5 Qxd6 19. e3 Rfd8 20. Qh5 Qf8 21. f3
exf3 22. Rxf3 Nd7 23. Ng4 Qg7 24. Nxh6+ Kf8 25. Ng4 Ke7 26. Ne5 Nf6 27. Qf7+
Qxf7 28. Nxf7 Kxf7 29. Raf1 Ne4 30. Rd1 Rac8 31. g4 Nf6 32. gxf5 Bxf5 33. Rdf1
Kg6 34. Rg3 Rh8 35. Rf4 Nh5 36. Rxf5 exf5 37. Rf3 Rhe8 38. Kf2 g4 0-1

[Event "Open B Gorges"]
[Site "?"]
[Date "2019.07.07"]
[Round "4"]
[White "GAUTIER, Michel"]
[Black "BRECHETEAU, Paul"]
[Result "0-1"]
[WhiteElo "1500"]
[BlackElo "1567"]
[PlyCount "62"]

1. d4 Nf6 2. Nf3 d5 3. e3 a6 4. Bd3 Bg4 5. Nbd2 e6 6. c4 c5 7. Qb3 Qc7 8. Ne5
dxc4 9. Qxc4 b5 10. Qc2 c4 11. Be4 Ra7 12. Nxg4 Nxg4 13. a3 Bd6 14. h3 Nf6 15.
Bf3 Nc6 16. Ne4 Nxe4 17. Qxe4 Ne7 18. Qg4 O-O 19. Bd2 a5 20. O-O Ng6 21. h4 f5
22. Qh3 Ne7 23. e4 Bf4 24. Bxf4 Qxf4 25. Rfe1 Rf6 26. exf5 Nxf5 27. Re4 Qd2 28.
Rae1 Nxd4 29. Rxd4 Qxe1+ 30. Kh2 Qe5+ 31. Qg3 Qxd4 0-1

[Event "Open B Gorges"]
[Site "?"]
[Date "2019.07.07"]
[Round "4"]
[White "DELAFENETRE, Alexandre"]
[Black "LEGASTELOIS, Julien"]
[Result "1-0"]
[WhiteElo "1740"]
[BlackElo "1723"]
[PlyCount "133"]

1. Nf3 d5 2. e3 Bf5 3. d4 e6 4. b3 Nf6 5. Bb2 Be7 6. Bd3 Ne4 7. Nbd2 Nxd2 8.
Qxd2 Bg6 9. O-O Nd7 10. Ne5 Nxe5 11. dxe5 O-O 12. f4 c5 13. Rad1 Qb6 14. Rf3
Bxd3 15. Qxd3 c4 16. Qe2 cxb3 17. cxb3 Rac8 18. Rh3 g6 19. g4 Rc6 20. g5 Rfc8
21. Qg4 Rc2 22. Bd4 Qb5 23. Rf1 Rxa2 24. f5 Qe2 25. Qxe2 Rxe2 26. fxe6 fxe6 27.
Rg3 a6 28. h4 Rec2 29. h5 Rc1 30. Rxc1 Rxc1+ 31. Kg2 Rb1 32. e4 dxe4 33. hxg6
hxg6 34. Rc3 Bxg5 35. Rg3 Be7 36. Rxg6+ Kf7 37. Rg3 Rd1 38. Bc3 Rd3 39. Rxd3
exd3 40. Kf3 Kg6 41. Ke4 Bc5 42. Bd2 Ba3 43. Bc3 Bc1 44. Kxd3 Kf5 45. Kd4 Bf4
46. Kc5 Bxe5 47. Ba5 b5 48. Kb6 Bd6 49. b4 e5 50. Kxa6 e4 51. Kxb5 e3 52. Kc4
e2 53. b5 Bc7 54. Be1 Kf4 55. Kd3 Kf3 56. Bc3 Bb6 57. Be1 Bc5 58. Ba5 Ba7 59.
Be1 Bf2 60. Ba5 Bg3 61. Bb4 Kf2 62. b6 Kf1 63. b7 Bc7 64. Bd2 Bb8 65. Bb4 Kf2
66. Bd2 Bc7 67. Bb4 1-0

[Event "Open B Gorges"]
[Site "?"]
[Date "2019.07.07"]
[Round "4"]
[White "VIEL, Jean-Marc"]
[Black "DIMPRE, Alexis"]
[Result "1/2-1/2"]
[WhiteElo "1547"]
[BlackElo "1584"]
[PlyCount "61"]

1. e4 c5 2. Nf3 d6 3. Bb5+ Nd7 4. O-O g6 5. c3 Bg7 6. d4 cxd4 7. cxd4 a6 8. Bd3
Ngf6 9. Nc3 O-O 10. h3 e5 11. Be3 b5 12. Rc1 Bb7 13. d5 Rc8 14. b4 Nh5 15. Ne2
f5 16. Ng5 Qf6 17. Ne6 Rxc1 18. Bxc1 Rc8 19. Bg5 Qf7 20. f3 Bf6 21. Qd2 f4 22.
Bxf6 Nhxf6 23. Rc1 Rxc1+ 24. Qxc1 Nf8 25. Nxf8 Kxf8 26. Qc2 Qd7 27. Nc1 Ng8 28.
Nb3 Ne7 29. Na5 Ba8 30. Kh2 g5 31. Qc1 1/2-1/2

[Event "Open B Gorges"]
[Site "?"]
[Date "2019.07.07"]
[Round "4"]
[White "DESCAMP, Serge"]
[Black "DELAFENETRE, Franck"]
[Result "1/2-1/2"]
[WhiteElo "1313"]
[BlackElo "1555"]
[PlyCount "89"]

1. e4 c5 2. Nf3 d6 3. d4 cxd4 4. Nxd4 Nf6 5. Nc3 g6 6. Be3 Bg7 7. Be2 Nc6 8.
Nxc6 bxc6 9. O-O O-O 10. h3 Bd7 11. f4 Qa5 12. g4 Qb4 13. e5 Ne4 14. Nxe4 Qxe4
15. Qd2 Rfd8 16. Bd3 Qd5 17. c4 Qe6 18. Rae1 dxe5 19. f5 Qd6 20. Be4 Qxd2 21.
Bxd2 gxf5 22. gxf5 Bxf5 23. Bxc6 Rac8 24. Ba5 Rd4 25. Bb5 Bxh3 26. Rf2 Bd7 27.
Ba6 Rc6 28. Bb5 Rg6+ 29. Rg2 Rxg2+ 30. Kxg2 Bxb5 31. cxb5 Ra4 32. Bc3 Rxa2 33.
Rd1 f6 34. Rd8+ Kf7 35. Ra8 Bh6 36. b6 axb6 37. Rxa2 Be3 38. Kf3 Bc5 39. Bd2
Ke6 40. Be3 f5 41. Bxc5 bxc5 42. Ra6+ Kd5 43. Rh6 e6 44. Rxh7 Kd6 45. Ra7
1/2-1/2

[Event "Open B Gorges"]
[Site "?"]
[Date "2019.07.07"]
[Round "4"]
[White "VALDMAN, Andreï"]
[Black "JOUSSET, Jean-Michel"]
[Result "1/2-1/2"]
[WhiteElo "1441"]
[BlackElo "1445"]
[PlyCount "67"]

1. e4 d6 2. d4 Nf6 3. Nd2 g6 4. f3 Bg7 5. Nb3 O-O 6. Be3 a5 7. a4 Na6 8. Qd2 c5
9. dxc5 Nxc5 10. Nxc5 dxc5 11. Qxd8 Rxd8 12. Bxc5 e6 13. Bd3 Nh5 14. Be3 Bxb2
15. Rb1 Bc3+ 16. Kf2 Bd4 17. Ne2 Bxe3+ 18. Kxe3 Bd7 19. Rxb7 Bxa4 20. Ra1 Be8
21. Bb5 Nf6 22. Bxe8 Nxe8 23. Rb5 Nd6 24. Rc5 Ra6 25. Rc3 a4 26. Kf2 Rda8 27.
Rca3 Nb5 28. R3a2 a3 29. e5 Rc8 30. Rc1 Rcc6 31. Ke3 Rc5 32. f4 h6 33. Kd3 Rd5+
34. Ke3 1/2-1/2

[Event "Open B Gorges"]
[Site "?"]
[Date "2019.07.07"]
[Round "4"]
[White "DORE, Vincent"]
[Black "LE BAUT, Daniel"]
[Result "1-0"]
[WhiteElo "1370"]
[BlackElo "1508"]
[PlyCount "89"]

1. d4 Nf6 2. c4 e6 3. Nc3 d5 4. Bg5 Nbd7 5. e3 Be7 6. Nf3 O-O 7. Bd3 dxc4 8.
Bxc4 b6 9. O-O Bb7 10. Bd3 Rc8 11. Rc1 c5 12. Ne2 h6 13. Bxf6 Nxf6 14. Ng3 Rc7
15. a4 cxd4 16. Rxc7 Qxc7 17. Nxd4 Rc8 18. Re1 Nd5 19. Bf1 Nb4 20. Re2 Qd7 21.
Rd2 Qc7 22. Nb5 Qb8 23. Rd7 Bc5 24. Nd6 Bc6 25. Nxc8 Bxd7 26. Qxd7 a5 27. Ne4
Nd5 28. Nxc5 bxc5 29. Bb5 Nf6 30. Qd8+ Kh7 31. Bd3+ g6 32. Qxf6 Qxc8 33. Qxf7+
Kh8 34. Qf6+ Kg8 35. Qxg6+ Kf8 36. Qxh6+ Ke7 37. Qg5+ Kd6 38. Bc4 Qh8 39. f4
Qxb2 40. Qe5+ Qxe5 41. fxe5+ Kxe5 42. Bd3 Kd5 43. Kf2 c4 44. Bc2 Kc5 45. h4 1-0

[Event "Open B Gorges"]
[Site "?"]
[Date "2019.07.07"]
[Round "4"]
[White "BOURDEAUX, Angele"]
[Black "BOUCHER, Daniel"]
[Result "0-1"]
[WhiteElo "1700"]
[BlackElo "1378"]
[PlyCount "122"]

1. e4 b6 2. Bc4 Bb7 3. d3 e6 4. Bb3 d5 5. Nd2 Na6 6. c3 Nc5 7. Bc2 dxe4 8. dxe4
Nd3+ 9. Bxd3 Qxd3 10. Qe2 Ba6 11. c4 O-O-O 12. Qxd3 Rxd3 13. Ngf3 f6 14. O-O
Nh6 15. b3 Bb4 16. Rd1 Rhd8 17. a3 Bc3 18. Ra2 Bb7 19. Ne1 R3d7 20. f3 Bd4+ 21.
Kf1 f5 22. exf5 Nxf5 23. Ne4 Bxe4 24. fxe4 Ne7 25. Rad2 e5 26. Nf3 Ng6 27. Rd3
Rf8 28. Ke2 Nf4+ 29. Bxf4 Rxf4 30. Nxd4 Rxe4+ 31. Kf3 Rexd4 32. Rxd4 exd4 33.
Re1 Kd8 34. Ke2 a5 35. Kd3 c5 36. Re6 Kc7 37. Re4 g6 38. h3 h5 39. Re6 Rd6 40.
Re7+ Kc6 41. Re4 Rf6 42. Re2 Kd6 43. Re4 Re6 44. Rxe6+ Kxe6 45. Ke4 g5 46. g3
Kd6 47. h4 gxh4 48. gxh4 Ke6 49. Kf4 Kf6 50. Ke4 Ke6 51. Kf4 d3 52. Ke3 d2 53.
Kxd2 Kf5 54. Ke3 Kg4 55. Ke4 Kxh4 56. Kf4 Kh3 57. Kf3 h4 58. a4 Kh2 59. Kf2 Kh3
60. Kf1 Kg3 61. Kg1 Kf3 0-1

[Event "Open B Gorges"]
[Site "?"]
[Date "2019.07.07"]
[Round "4"]
[White "VALDMAN, Dmitry"]
[Black "KERVADEC, Jean"]
[Result "0-1"]
[WhiteElo "1355"]
[BlackElo "1445"]
[PlyCount "76"]

1. e4 d6 2. d4 Nf6 3. Nc3 g6 4. Be3 Bg7 5. f3 Nc6 6. Qd2 e5 7. d5 Ne7 8. O-O-O
Bd7 9. Kb1 Nc8 10. h3 Nb6 11. Bd3 Qe7 12. Nge2 O-O-O 13. Bxb6 cxb6 14. Nb5 Bxb5
15. Bxb5 Kb8 16. Qb4 Nd7 17. Rd3 Rc8 18. a4 Rc5 19. Ra3 Rhc8 20. Nc3 Bh6 21.
Rd1 Be3 22. a5 a6 23. Bxd7 Qxd7 24. axb6 Bd4 25. Ra5 Bxc3 26. bxc3 Rxc3 27. Rd2
R8c4 28. Qb2 Qc8 29. Ra2 Qc5 30. Kc1 Qg1+ 31. Rd1 Qe3+ 32. Rd2 Rd4 33. Rxa6
Qxd2+ 34. Kb1 Qd1+ 35. Ka2 Rxc2 36. Qxc2 Qxc2+ 37. Ka3 Qc3+ 38. Ka2 Rd2+ 0-1

[Event "Open B Gorges"]
[Site "?"]
[Date "2019.07.07"]
[Round "4"]
[White "FRANCK, Etienne"]
[Black "ROBLIN, Olivier"]
[Result "0-1"]
[WhiteElo "1392"]
[BlackElo "1360"]
[PlyCount "100"]

1. e4 c5 2. c4 g6 3. f4 Bg7 4. Nf3 Nc6 5. Be2 d6 6. O-O Nf6 7. d3 O-O 8. Nc3
Bd7 9. h3 a6 10. Kh2 Qc7 11. g3 Rfd8 12. Be3 Rac8 13. Nd5 Nxd5 14. cxd5 Nd4 15.
Nxd4 cxd4 16. Bd2 Qb6 17. b4 Rc7 18. Qb3 Rdc8 19. Rac1 Rxc1 20. Rxc1 Rxc1 21.
Bxc1 Qc7 22. Qc4 Qxc4 23. dxc4 b6 24. Bd3 Bc8 25. Bb2 e5 26. dxe6 fxe6 27. b5
a5 28. Ba3 Bf8 29. g4 h6 30. Kg3 Kf7 31. h4 e5 32. f5 g5 33. hxg5 hxg5 34. Bc1
Kf6 35. Ba3 Bb7 36. Kf3 Bc8 37. Ke2 Bb7 38. Kd2 Bc8 39. Bc2 Bd7 40. Kd3 Be8 41.
Bc1 Bd7 42. a4 Be8 43. Bd2 Bd7 44. Bb3 Bc8 45. c5 dxc5 46. Bd5 Be7 47. Bxa5
bxa5 48. b6 Ba6+ 49. Kd2 c4 50. b7 Bd6 0-1

[Event "Open B Gorges"]
[Site "?"]
[Date "2019.07.07"]
[Round "4"]
[White "MARTINI, Lionel"]
[Black "DERUYTER, Alain"]
[Result "1-0"]
[WhiteElo "1389"]
[BlackElo "1343"]
[PlyCount "71"]

1. c4 Nc6 2. Nc3 e6 3. Nf3 Bb4 4. g3 Nf6 5. Bg2 O-O 6. O-O Re8 7. d4 d6 8. Qc2
Bxc3 9. bxc3 Ne7 10. Ng5 c6 11. Ne4 Nxe4 12. Bxe4 Ng6 13. h4 f5 14. Bg5 Qc7 15.
Bf3 e5 16. h5 Ne7 17. e4 f4 18. gxf4 exf4 19. Bxf4 Qd7 20. Qb3 Qh3 21. Bg3 Rf8
22. c5+ d5 23. Qd1 dxe4 24. Bg2 Qe6 25. Qb3 Nd5 26. Rae1 Qg4 27. h6 Rf7 28.
Rxe4 Qd7 29. Rfe1 Rf8 30. Re7 Qf5 31. Rxg7+ Kh8 32. Be4 Qf6 33. Rxh7+ Kg8 34.
Rg7+ Kh8 35. Rg6 Qf7 36. Be5+ 1-0

[Event "Open B Gorges"]
[Site "?"]
[Date "2019.07.07"]
[Round "4"]
[White "KOLLAR, Guillaume"]
[Black "NICOLAS, Aurore"]
[Result "1-0"]
[WhiteElo "1536"]
[BlackElo "1419"]
[PlyCount "85"]

1. e4 c5 2. Nf3 d6 3. d4 cxd4 4. Nxd4 Nf6 5. Nc3 a6 6. f3 e5 7. Nb3 Be7 8. Be3
O-O 9. Qd2 Be6 10. Nd5 Nxd5 11. exd5 Bf5 12. Bd3 Bxd3 13. Qxd3 Nd7 14. O-O-O
Bg5 15. g4 Bxe3+ 16. Qxe3 Rc8 17. h4 Qf6 18. g5 Qf4 19. Qxf4 exf4 20. Rd4 Rfe8
21. Kd2 Nc5 22. Rxf4 Nxb3+ 23. axb3 Re5 24. c4 Rce8 25. Re4 Rxe4 26. fxe4 Rxe4
27. Kd3 Re5 28. Rh3 Kf8 29. Re3 f6 30. gxf6 gxf6 31. Rxe5 fxe5 32. Ke4 Ke7 33.
b4 b6 34. c5 bxc5 35. bxc5 dxc5 36. Kxe5 a5 37. d6+ Kd7 38. Kd5 c4 39. Kxc4
Kxd6 40. Kb5 Kd5 41. Kxa5 Kc5 42. b4+ Kc6 43. Ka6 1-0

[Event "Open B Gorges"]
[Site "?"]
[Date "2019.07.07"]
[Round "5"]
[White "ALLARD NEDELLEC, Guilhem"]
[Black "DELAFENETRE, Alexandre"]
[Result "0-1"]
[WhiteElo "1642"]
[BlackElo "1740"]
[PlyCount "74"]

1. e4 g6 2. d4 Bg7 3. Nc3 d6 4. Be3 Nd7 5. Qd2 e5 6. d5 f5 7. f3 Ngf6 8. h3
fxe4 9. fxe4 Nxe4 10. Nxe4 Qh4+ 11. Nf2 e4 12. Bg5 Qg3 13. Ne2 Qe5 14. Nc3 O-O
15. O-O-O Rxf2 16. Qxf2 Qxg5+ 17. Kb1 Bxc3 18. bxc3 Nc5 19. Be2 e3 20. Qf3 Bf5
21. Rd4 Rf8 22. h4 Qh6 23. Qg3 Ne4 24. Qe1 Nd2+ 25. Kc1 Be4 26. Rg1 Rf2 27. h5
Bxg2 28. Kb2 Ne4 29. hxg6 hxg6 30. Bd3 Nc5 31. Be2 Qh2 32. Rh4 Qxh4 33. Rxg2
Qf6 34. Qg1 Kf7 35. Rxf2 exf2 36. Qf1 Ne4 37. Kc1 Qxc3 0-1

[Event "Open B Gorges"]
[Site "?"]
[Date "2019.07.07"]
[Round "5"]
[White "BRECHETEAU, Paul"]
[Black "FACHE, Jacques"]
[Result "1-0"]
[WhiteElo "1567"]
[BlackElo "1604"]
[PlyCount "77"]

1. e4 Nf6 2. e5 Nd5 3. d4 d6 4. f4 dxe5 5. fxe5 Nc6 6. Nf3 Bg4 7. c3 e6 8. Bd3
Be7 9. O-O Qd7 10. b4 Bxf3 11. Qxf3 O-O-O 12. Be3 h6 13. Be4 Nxe3 14. Qxe3 Bg5
15. Qf2 Rhf8 16. b5 Na5 17. h4 Be7 18. Nd2 f5 19. Bf3 g5 20. d5 Qxb5 21. Rfb1
Qc5 22. Nb3 Qxf2+ 23. Kxf2 Nxb3 24. axb3 Bc5+ 25. Kf1 g4 26. Be2 Rxd5 27. b4
Bb6 28. c4 Bd4 29. cxd5 Bxa1 30. Rxa1 exd5 31. Rxa7 Kb8 32. Ra3 c6 33. b5 b6
34. Ra4 c5 35. Rf4 Kc7 36. Bxg4 Ra8 37. Rxf5 Ra5 38. Rf7+ Kb8 39. e6 1-0

[Event "Open B Gorges"]
[Site "?"]
[Date "2019.07.07"]
[Round "5"]
[White "DIMPRE, Alexis"]
[Black "GAUTIER, Michel"]
[Result "1-0"]
[WhiteElo "1584"]
[BlackElo "1500"]
[PlyCount "81"]

1. d4 Nf6 2. c4 c5 3. d5 e6 4. Nc3 exd5 5. cxd5 d6 6. e4 g6 7. f4 Bg7 8. Bb5+
Nfd7 9. a4 O-O 10. Nf3 Na6 11. O-O Nb4 12. Na2 Nxa2 13. Rxa2 a6 14. Bd3 Nb6 15.
b3 Qc7 16. Rc2 Bg4 17. Be3 Qd8 18. h3 Bxf3 19. Qxf3 Nd7 20. Rcf2 Rb8 21. Qe2
Qe7 22. Qc2 f5 23. Re2 fxe4 24. Bxe4 Nf6 25. Bf3 Qd7 26. g4 b5 27. g5 bxa4 28.
bxa4 Nh5 29. Bg4 Qd8 30. Bxh5 gxh5 31. f5 Rb2 32. Qd3 Rxe2 33. Qxe2 Bd4 34. f6
Qe8 35. Re1 Qxa4 36. Qxh5 Bxe3+ 37. Rxe3 Qd4 38. Qf3 Kf7 39. Kg2 Kg6 40. Re4
Rb8 41. Rxd4 1-0

[Event "Open B Gorges"]
[Site "?"]
[Date "2019.07.07"]
[Round "5"]
[White "DELAFENETRE, Franck"]
[Black "VALDMAN, Andreï"]
[Result "1-0"]
[WhiteElo "1555"]
[BlackElo "1441"]
[PlyCount "69"]

1. d4 Nf6 2. Bf4 g6 3. e3 Bg7 4. Nf3 O-O 5. h3 d5 6. Bd3 c5 7. c3 cxd4 8. exd4
Nc6 9. Nbd2 Nd7 10. O-O e5 11. dxe5 Ndxe5 12. Bc2 d4 13. Nxe5 Nxe5 14. Bxe5
Bxe5 15. Nf3 Re8 16. Nxe5 Rxe5 17. Qxd4 Qg5 18. f4 Qg3 19. fxe5 Bxh3 20. Qf2
Qxf2+ 21. Rxf2 Be6 22. Bb3 Bg4 23. Bxf7+ Kg7 24. Bd5 Re8 25. Re1 b6 26. e6 Re7
27. Rf7+ Rxf7 28. exf7 Bd7 29. Re7 Bb5 30. Rxa7 h5 31. Ra8 g5 32. f8=Q+ Kh7 33.
Ra7+ Kg6 34. Qf7+ Kh6 35. Qg7# 1-0

[Event "Open B Gorges"]
[Site "?"]
[Date "2019.07.07"]
[Round "5"]
[White "DORE, Vincent"]
[Black "VIEL, Jean-Marc"]
[Result "0-1"]
[WhiteElo "1370"]
[BlackElo "1547"]
[PlyCount "76"]

1. d4 d5 2. c4 c6 3. Nf3 Nf6 4. Nc3 a6 5. a4 e6 6. Bg5 Nbd7 7. e3 Bb4 8. Qc2
Qa5 9. Bxf6 Nxf6 10. Nd2 O-O 11. cxd5 exd5 12. Bd3 Bg4 13. O-O Rae8 14. Nb3 Qc7
15. Rfe1 Bh5 16. Nd2 Bg6 17. Bxg6 fxg6 18. Nf3 Ne4 19. Ne5 Rxf2 20. Re2 Rxe2
21. Nxe2 Bd6 22. Nf3 g5 23. g3 g4 24. Nd2 Nf6 25. Nf1 h5 26. Nf4 Qf7 27. Qg6
Bxf4 28. Qxf7+ Kxf7 29. gxf4 Ne4 30. Re1 g5 31. fxg5 Nxg5 32. Nd2 Kg6 33. Kf2
h4 34. b4 Rf8+ 35. Kg2 Kh5 36. e4 dxe4 37. Nxe4 h3+ 38. Kh1 Nxe4 0-1

[Event "Open B Gorges"]
[Site "?"]
[Date "2019.07.07"]
[Round "5"]
[White "KERVADEC, Jean"]
[Black "DESCAMPS, Serge"]
[Result "1/2-1/2"]
[WhiteElo "1445"]
[BlackElo "1313"]
[PlyCount "51"]

1. d4 d5 2. Nf3 Nf6 3. g3 e6 4. Bg2 c5 5. e3 Nc6 6. O-O Be7 7. b3 O-O 8. Ba3 b6
9. Nfd2 a5 10. dxc5 bxc5 11. c4 Nb4 12. cxd5 exd5 13. Nc3 Rb8 14. Nf3 Ba6 15.
Bxb4 Bxf1 16. Qxf1 axb4 17. Ne2 Ne4 18. Ne5 Qd6 19. f4 Bf6 20. Rd1 Bxe5 21.
Bxe4 Qb6 22. Bxd5 Bf6 23. Kg2 Qa5 24. Rd2 Rfd8 25. Be4 Bc3 26. Rc2 1/2-1/2

[Event "Open B Gorges"]
[Site "?"]
[Date "2019.07.07"]
[Round "5"]
[White "LEGASTELOIS, Julien"]
[Black "MARTINI, Lionel"]
[Result "1-0"]
[WhiteElo "1723"]
[BlackElo "1389"]
[PlyCount "151"]

1. d4 d5 2. e4 e6 3. Be3 c6 4. Nc3 Qb6 5. Rb1 Bb4 6. a3 Bxc3+ 7. bxc3 Qa5 8.
Rb3 Nf6 9. exd5 cxd5 10. Nf3 O-O 11. Bd3 Ne4 12. O-O Qc7 13. Qe2 Nxc3 14. Rxc3
Qxc3 15. Bxh7+ Kxh7 16. Ng5+ Kg8 17. Rb1 f6 18. Nf3 Qxa3 19. Nh4 g5 20. Ng6 Rf7
21. h4 Rg7 22. h5 Nd7 23. Bxg5 Nf8 24. Bxf6 Rf7 25. Be5 Nxg6 26. hxg6 Rf5 27.
Rb3 Qc1+ 28. Kh2 Qh6+ 29. Rh3 Qxg6 30. Qd3 Kf7 31. Kg1 Bd7 32. Rg3 Qh7 33. Rg7+
Qxg7 34. Bxg7 Kxg7 35. Qg3+ Kf6 36. Qh4+ Rg5 37. f4 Rag8 38. fxg5+ Rxg5 39.
Qf4+ Rf5 40. Qh6+ Ke7 41. Qg7+ Kd6 42. Qg3+ Ke7 43. Qc7 Rf8 44. Qxb7 Rc8 45.
Qb4+ Kf6 46. Qb7 Ke7 47. Qb4+ Kd8 48. c3 Rc4 49. Qa5+ Ke7 50. g4 Rc8 51. Qb4+
Kf6 52. Qd6 Rd8 53. Qc5 Kf7 54. g5 Rf8 55. Qd6 Ke8 56. g6 Rf6 57. Qg3 Kf8 58.
g7+ Kg8 59. Qb8+ Kxg7 60. Qxa7 Rf7 61. Qb8 Kf6 62. Qd8+ Re7 63. Kf2 Kf7 64. Ke3
Bb5 65. Kf4 Bd3 66. Ke5 Bf5 67. Qb8 Rd7 68. Qc8 Re7 69. Qd8 Bg4 70. Qh8 Bf5 71.
Qf6+ Ke8 72. Kd6 Rd7+ 73. Kc6 Rf7 74. Qe5 Rd7 75. Qh8+ Ke7 76. Qg7+ 1-0

[Event "Open B Gorges"]
[Site "?"]
[Date "2019.07.07"]
[Round "5"]
[White "BOUCHER, Daniel"]
[Black "JOUSSET, Jean-Michel"]
[Result "1-0"]
[WhiteElo "1378"]
[BlackElo "1445"]
[PlyCount "104"]

1. b3 d5 2. c3 Nf6 3. d4 g6 4. h3 Bg7 5. e3 O-O 6. Nf3 b6 7. Bb2 Na6 8. Nbd2 c5
9. dxc5 Nxc5 10. Be2 Nfe4 11. Nd4 e5 12. N4f3 Qc7 13. b4 Nxd2 14. Nxd2 Ne6 15.
Nf3 Bb7 16. O-O Rad8 17. Qb3 Rc8 18. Rac1 Rfd8 19. Rfd1 e4 20. Nd4 Nxd4 21.
cxd4 Qe7 22. Rf1 Bf8 23. b5 Rxc1 24. Rxc1 Bc8 25. g4 Be6 26. Qd1 Qh4 27. Qf1
Rd7 28. Qg2 Bd6 29. f4 f5 30. Rc8+ Kf7 31. Bc3 h5 32. g5 Rb7 33. Qf1 Bxc8 34.
Be1 Qxe1 35. Qxe1 Rc7 36. Qd1 Bd7 37. Qa4 Ke7 38. Qb3 Be6 39. a4 Rc1+ 40. Kf2
Ra1 41. Bd1 Ra3 42. Qc2 Bd7 43. h4 Ke6 44. Qb2 Ke7 45. Bb3 Be6 46. Qc2 Kd7 47.
Qc6+ Ke7 48. Qb7+ Bd7 49. Bxd5 Rxa4 50. Bc6 Ra2+ 51. Kg3 Kf8 52. Qxd7 Bb4 1-0

[Event "Open B Gorges"]
[Site "?"]
[Date "2019.07.07"]
[Round "5"]
[White "ROBLIN, Olivier"]
[Black "KOLLAR, Guillaume"]
[Result "1/2-1/2"]
[WhiteElo "1360"]
[BlackElo "1536"]
[PlyCount "68"]

1. e4 c5 2. Nf3 d6 3. d4 cxd4 4. Nxd4 Nf6 5. Nc3 g6 6. Be3 Bg7 7. f3 O-O 8. Qd2
Nc6 9. O-O-O Nxd4 10. Bxd4 Be6 11. Be3 Qa5 12. a3 a6 13. g4 Rfc8 14. h4 b5 15.
h5 Rxc3 16. Qxc3 Qxc3 17. bxc3 Rc8 18. hxg6 fxg6 19. Bd4 Bd7 20. g5 Nh5 21.
Bxg7 Kxg7 22. e5 Rxc3 23. exd6 exd6 24. Rxd6 Bf5 25. Bd3 Ng3 26. Re1 Rc7 27.
Bxf5 Nxf5 28. Rd2 h6 29. gxh6+ Kxh6 30. Kb2 Rc4 31. Re4 Rc6 32. Rh2+ Kg7 33. a4
bxa4 34. Rxa4 Ne3 1/2-1/2

[Event "Open B Gorges"]
[Site "?"]
[Date "2019.07.07"]
[Round "5"]
[White "VALDMAN, Dmitry"]
[Black "BOURDEAUX, Angele"]
[Result "0-1"]
[WhiteElo "1355"]
[BlackElo "1700"]
[PlyCount "70"]

1. e4 d6 2. d4 Nf6 3. Nc3 g6 4. Be3 Bg7 5. Qd2 O-O 6. f3 c6 7. O-O-O Re8 8. g4
b5 9. h4 Qc7 10. h5 e5 11. hxg6 fxg6 12. Bh6 Bh8 13. Qh2 exd4 14. Rxd4 Nxg4 15.
fxg4 Bxd4 16. Nf3 Bh8 17. Bf4 Be5 18. Bxe5 dxe5 19. Bd3 Bxg4 20. Ng5 Re7 21.
Qh6 Na6 22. Nd5 cxd5 23. exd5 Bh5 24. Bxb5 Nb4 25. c3 Nxd5 26. Bd3 Ne3 27. Be4
Ng4 28. Bd5+ Kh8 29. Nf7+ Rxf7 30. Qg5 Rf5 31. Qd2 Rd8 32. Rd1 Nf6 33. Rh1 Rxd5
34. Qh6 Qd8 35. Re1 Rd1+ 0-1

[Event "Open B Gorges"]
[Site "?"]
[Date "2019.07.07"]
[Round "5"]
[White "LE BAUT, Daniel"]
[Black "LEBEDEL, Marc"]
[Result "1/2-1/2"]
[WhiteElo "1508"]
[BlackElo "1390"]
[PlyCount "43"]

1. e4 e5 2. Nf3 Nc6 3. Bb5 Nf6 4. O-O Nxe4 5. d4 Nd6 6. Bxc6 bxc6 7. Nxe5 Be7
8. Nc3 O-O 9. Bf4 Rb8 10. b3 Re8 11. Re1 f6 12. Nf3 Nf5 13. Ne2 d5 14. c3 a5
15. Ng3 Nxg3 16. hxg3 Ba6 17. Qc2 Qd7 18. Rad1 Bd6 19. Bc1 Rxe1+ 20. Rxe1 Re8
21. Qd2 Rxe1+ 22. Qxe1 1/2-1/2